000 01148nam a22002657a 4500
005 20240530110912.0
008 171026s2009 ua a g b 000 0 ara d
017 _a2008/23212
_bمصر. دار الكتب
020 _a9772087790
040 _aEG-CaGPL
_cEG-CaGPL
082 0 4 _221
_a327.730569 /
_bع س
100 0 _aعبدالحى على قاسم
245 1 2 _aالسياسة الخارجية الامريكية تجاه حركة حماس /
_cعبدالحى على قاسم
250 _aط. 1
260 _aالقاهرة :
_bمكتبة مدبولى،
_c2009.
300 _a193 ص. ؛
_c24 سم.
504 _aيشتمل على ارجاعات ببليوجرافية
650 0 7 _2qrmak
_aالسياسة الخارجية
650 0 7 _2qrmak
_aالنزاع العربى الفلسطينى
651 0 7 _2qrmak
_aالولايات المتحدة الامريكية
_xالعلاقات الخارجية
_zفلسطين
651 0 7 _2qrmak
_aفلسطين
_xالعلاقات الخارجية
_zالولايات المتحدة الامريكية
653 0 _aحركة حماس
942 _2ddc
_cBK
999 _c66322
_d66322